| 000 | 00752nam a2200217 a 4500 | ||
|---|---|---|---|
| 005 | 20240831063705.0 | ||
| 008 | 991125s1939 mx 000 0 spa u | ||
| 035 | _aUPN01000005078 | ||
| 049 | _aI | ||
| 050 | 4 |
_aPZ74.9 _bA4 no.17 |
|
| 100 | 0 |
_aAntoniorrobles, _d1895-1983 _928525 |
|
| 245 | 1 | 0 |
_aAutomóviles audaces que de morir son capaces / _cAntoniorrobles ; il. Peinador. |
| 260 |
_aMéxico : _bEstrella, _c1939. |
||
| 300 |
_a78 p. : _bil |
||
| 440 | 0 |
_aAleluyas de rompetacones ; _v17 |
|
| 440 | 0 | _aCuentos infantiles | |
| 505 | 8 | _aContenido: Cómo salvó al presidente un muñequito valiente -- Si en el nido son felices se les debe a las raíces | |
| 650 | 4 |
_aCuentos infantiles españoles _97725 |
|
| 905 | _aInfantil | ||
| 999 |
_c5078 _d5078 |
||